NBA: Most Steals (2020-2021 Season) - Statistics

General Stats
  • This quiz has been taken 42 times
    21 since last reset
  • The average score is 29 of 50
Answer Stats
# Player Steals % Correct
8 Chris Paul 99
100%
14 Russell Westbrook 89
100%
T5 Dejounte Murray 101
94%
2 Jimmy Butler 108
94%
T47 Bradley Beal 69
89%
T29 Stephen Curry 77
89%
13 Danny Green 92
83%
T3 Draymond Green 105
83%
T40 Giannis Antetokounmpo 72
83%
T40 Jaylen Brown 72
83%
T34 Jayson Tatum 75
83%
T31 Kyrie Irving 76
83%
T24 LaMelo Ball 81
83%
T20 Lonzo Ball 82
83%
T34 Bam Adebayo 75
78%
T15 De'Aaron Fox 87
78%
T15 Fred VanVleet 87
78%
10 Jrue Holiday 96
78%
T36 Justin Holiday 74
78%
T36 Khris Middleton 74
78%
T31 Mikal Bridges 76
78%
11 Nikola Jokić 95
78%
12 Ben Simmons 93
72%
T24 Kawhi Leonard 81
72%
T40 Marcus Smart 72
72%
T44 Mike Conley 70
72%
T31 Domantas Sabonis 76
67%
T36 Thaddeus Young 74
67%
T20 Anthony Edwards 82
50%
T20 Norman Powell 82
50%
1 T.J. McConnell 128
50%
T20 Kevin Huerter 82
44%
T15 Terry Rozier 87
44%
28 Dillon Brooks 78
39%
9 Ricky Rubio 98
39%
T29 Tyrese Haliburton 77
39%
T44 Dennis Schröder 70
33%
T5 Robert Covington 101
33%
T3 Matisse Thybulle 105
28%
T47 Nicolas Batum 69
28%
19 Kyle Anderson 84
22%
T47 P.J. Washington 69
22%
T5 Delon Wright 101
17%
39 Raul Neto 73
17%
T40 Donte DiVincenzo 72
11%
18 Jae'Sean Tate 85
11%
T26 Kelly Olynyk 79
11%
T47 Kent Bazemore 69
11%
T44 Nerlens Noel 70
11%
T26 Facundo Campazzo 79
0%
No matching quizzes found
Score Distribution
Percent of People with Each Score
Percentile by Number Answered
Your Score History
You have not taken this quiz since the last reset